000 00440nam a22001457a 4500
005 20241215112606.0
008 241215b |||||||| |||| 00| 0 eng d
020 _a1560534818
050 _aQM549
_b.F66
100 _aPoritsky, Ray
245 _aFoot and Lower Extremity Anatomy to Color and Study/
_cRay Poritsky
260 _aPhiladelphia
_bHanley & Belfus Inc., Medical Publishers
_c2001
300 _a83p.
_bill.
_c28cm
942 _2lcc
_cBK
_n0
999 _c2249
_d2249